| 000 | 00490nam a22001937a 4500 | ||
|---|---|---|---|
| 003 | OSt | ||
| 005 | 20140310181701.0 | ||
| 008 | 121119t xxu||||| |||| 00| 0 eng d | ||
| 020 | _a0340134690 | ||
| 050 |
_aPZ 7 _b.B661 1971 |
||
| 082 |
_aKF _bB62fa 1971 |
||
| 100 |
_aBlyton, Enid _94844 |
||
| 245 |
_aFive Have A Mystery To Solve _cby Enid Blyton |
||
| 260 |
_aLondon _bKnight Books _c1971 |
||
| 300 |
_a186 p.; _c18 cm. |
||
| 541 | _j1 | ||
| 562 | _e1 | ||
| 942 |
_2lcc _cBK-KF _kKF |
||
| 999 |
_c1217 _d1217 |
||